Harry Potter: 4, Privet Drive - Statistiques

Statistiques générales
  • Ce quiz a été pris 284 fois
  • Le résultat moyen est 10 sur 11
Statistiques - réponses
Information Réponses % Correct
Première apparition Harry Potter à l'école des sorciers
99%
Résident Dudley Dursley
97%
Résident Harry Potter
97%
Résident Pétunia Dursley
97%
Pays Royaume-Uni
97%
Dernière apparition Harry Potter et les Reliques de la Mort
96%
Résident Vernon Dursley
96%
Nation Angleterre
94%
Résidente (animal) Hedwige
86%
Ville Little Whinging
53%
Region Surrey
39%
Aucun quiz correspondant
Distribution des résultats
% des personnes avec chaque résultat
Percentile par nombre de réponses
Votre historique - résultats
Vous n’avez pas pris ce quiz